000
00320nam a2200133Ia 4500
008
221030s9999 xx 000 0 und d
041
_a
English
100
_a
R. Kumar
245
0
_a
Engineering Chemistry
_c
by R. Kumar
260
_b
Kirti Publishers
_a
Jammu
_c
2015
300
_a
263
650
_a
Chemistry
942
_c
BK
999
_c
18316
_d
18316